Countries With Highest Circumcision Rate - Statistics

General Stats
  • This quiz has been taken 283 times
  • The average score is 35 of 55
Answer Stats
Rank Country Rate % Correct
5 Iran 99.7%
89%
51 Israel 91.7%
89%
17 Algeria 97.9%
88%
37 Egypt 94.7%
88%
11 Iraq 98.9%
87%
1 Morocco 99.9%
86%
26 Pakistan 96.4%
86%
21 Saudi Arabia 97.1%
86%
28 Niger 95.5%
85%
14 Turkey 98.6%
85%
42 Somalia 93.5%
82%
23 Libya 96.6%
80%
12 Nigeria 98.9%
80%
3 Afghanistan 99.8%
78%
10 Yemen 99.0%
78%
4 Tunisia 99.8%
77%
47 Syria 92.8%
76%
48 Indonesia 92.5%
74%
13 Jordan 98.8%
74%
8 Mauritania 99.2%
73%
43 Turkmenistan 93.4%
72%
19 Democratic Republic of the Congo 97.2%
68%
25 Uzbekistan 96.5%
68%
54 Ghana 91.6%
67%
41 Senegal 93.5%
67%
15 Azerbaijan 98.5%
66%
49 Ethiopia 92.2%
66%
9 Tajikistan 99.0%
66%
24 Djibouti 96.5%
64%
20 Eritrea 97.2%
64%
55 Kenya 91.2%
63%
45 Bangladesh 93.2%
62%
46 Benin 92.9%
62%
39 Gambia 94.5%
62%
50 Kyrgyzstan 91.9%
61%
29 Togo 95.2%
57%
40 Cameroon 94.0%
56%
18 Liberia 97.7%
56%
22 Ivory Coast 96.7%
54%
44 Guinea-Bissau 93.3%
53%
27 Sierra Leone 96.1%
53%
16 Maldives 98.4%
51%
52 Philippines 91.7%
51%
6 Comoros 99.4%
49%
7 Gabon 99.2%
49%
38 Madagascar 94.7%
37%
36 Samoa 95.0%
37%
33 Tonga 95.0%
36%
30 Nauru 95.0%
35%
53 Kosovo 91.7%
34%
31 Palau 95.0%
32%
32 Solomon Islands 95.0%
31%
34 Tuvalu 95.0%
31%
35 Vanuatu 95.0%
31%
2 Palestine 99.9%
28%
No matching quizzes found
Score Distribution
Percent of People with Each Score
Percentile by Number Answered
Your Score History
You have not taken this quiz